Oxford handbook of ophthalmology (Record no. 33315)

MARC details
000 -LEADER
fixed length control field 00495nam a2200193Ia 4500
020 ## - INTERNATIONAL STANDARD BOOK NUMBER
ISBN 9780198816751
050 ## - CALL MARK
Classification number RE 48.9 .D46/
100 ## - STATEMENT OF RESPONSIBILITY--MAIN AUTHOR NAME
Personal name Denniston K. Alastair
245 #0 - TITLE STATEMENT
Title Oxford handbook of ophthalmology
250 ## - EDITION / VOLUME STATEMENT
Edition / Volume statement 4th ed.
260 ## - PUBLICATION, DISTRIBUTION, ETC. (IMPRINT)
Place of publication United Kingdom
260 ## - PUBLICATION, DISTRIBUTION, ETC. (IMPRINT)
Name of publisher Oxford University Press
260 ## - PUBLICATION, DISTRIBUTION, ETC. (IMPRINT)
Year of publication 2018
300 ## - PHYSICAL DESCRIPTION
Number of Pages 1204 p
650 ## - SUBJECT ADDED ENTRY--TOPICAL TERM
Topical Term Ophthalmology--Handbooks, manuals,
942 ## - ADDED ENTRY ELEMENTS (KOHA)
Koha item type Books
Holdings
Withdrawn status Lost status Source of classification or shelving scheme Damaged status Not for loan Permanent Location Current Location Shelving location Date acquired Accession Number Price effective from Koha item type
    Library of Congress Classification     NILE UNIVERSITY OF NIGERIA - MAIN LIBRARY NILE UNIVERSITY OF NIGERIA - MAIN LIBRARY Items on shelf 04/23/2025 0193481 04/23/2025 Books